00377pab a2200121 454500008004000000100002600040245010100066260000900167300001300176362001100189650002000200773003500220180718b2002 xxu||||| |||| 00| 0 eng d aAbelson, Julia et al. aObtaining public input for health-systems decision-making: past experiences and future prospects c2002 ap.70-97. aSpring aHealth services aCanadian Public Administration